| 000 | 00728cam a2200265 a 4500 | ||
|---|---|---|---|
| 999 |
_c5831 _d5831 |
||
| 001 | 5831 | ||
| 003 | BD-JhCC | ||
| 005 | 20200319134018.0 | ||
| 008 | 870213s1988 nyu 001 0 eng | ||
| 020 | _a0312894678 | ||
| 035 | _a(BD-JhCC)5831 | ||
| 040 |
_aDLC _cDLC _dDLC |
||
| 041 | _aeng | ||
| 050 | 0 | 0 |
_aPE1408 _b.H6857 1988 |
| 082 | 0 | 0 |
_a808.042 _219 _bHUB 1988 |
| 100 | 1 | _aHubbard, Francis A. | |
| 245 | 1 | 0 |
_aHow writing works : _bLearning and Using the Processes / _cFrancis A. Hubbard. |
| 260 |
_aNew York : _bSt. Martin's Press, _c1988. |
||
| 300 |
_a196 p. ; _c23 cm. |
||
| 500 | _aIncludes index. | ||
| 650 | 0 |
_aEnglish language _xRhetoric. |
|
| 650 | 0 | _aReport writing. | |
| 942 |
_2ddc _cBK _02 |
||